000 01115cab a2200217 4500
001 ##L136708
008 070219n2007 000 0 eng u
035 _a(Sirsi) u136708
041 0 _aeng
110 2 _aKPMG
245 0 0 _aConstruction industry unprepared for tax system shake-up
_h[electronic resource]
260 _c2007
490 0 _aKPMG News Release
_v13 February 2007
520 _aA survey of 465 UK construction professionals by KPMG reveals that the industry is not ready for the new Construction Industry Scheme (CIS). Nearly seven out of 10 respondents expressed concern about operating the new CIS, over 60% thought it would be more difficult to operate than the current system, over 50% revealed their employees were not sufficiently trained on the new CIS, and less than 10% had forwarded information to their subcontractors.
590 _aKA
650 2 4 _aCONSTRUCTION INDUSTRY SCHEME
651 4 _aUnited Kingdom
_y
690 _aConstruction management
_96230
856 4 0 _uhttps://www.kpmg.co.uk/news/detail.cfm?pr=2802
_zView the item free of charge at www.kpmg.co.uk...
942 _n0
999 _c78409
_d78409